[Event "Mercredi 2025.02.04 ABCD"]
[Site "Montreal CAN"]
[Date "2025.04.09"]
[Round "2"]
[White "Boudreau, Daniel"]
[Black "Cossette, Richard"]
[Result "1-0"]
[WhiteElo "1845"]
[BlackElo "1790"]
[WhiteFideId "-1"]
[WhiteFideId "-1"]
[PlyCount "47"]
[GameId "2172756327918923"]
[EventDate "2025.04.02"]
[EventType "tourn"]
[EventRounds "5"]
[EventCountry "CAN"]

1. e4 d6 2. d4 Nf6 3. Nc3 e5 4. Nf3 exd4 5. Nxd4 g6 6. Rg1 Bg7 7. g4 h5 8. g5 Ng4 9. h3 Ne5 10. f4 Nec6 11. Be3 a6 12. Qd2 O-O 13. O-O-O b5 14. f5 Be5 15. fxg6 Nxd4 16. Bxd4 Nc6 17. gxf7+ Rxf7 18. Bxe5 Nxe5 19. Qd5 c6 20. Qxe5 Bxh3 21. Rxd6 Qb6 22. Rg6+ Kf8 23. Qd6+ Re7 24. Nd5 1-0

[Event "Mercredi 2025.02.04 ABCD"]
[Site "Montreal CAN"]
[Date "2025.04.09"]
[Round "2"]
[White "Gelet, Seymour"]
[Black "Guillemette, Hugo"]
[Result "0-1"]
[WhiteElo "2105"]
[BlackElo "2278"]
[WhiteFideId "-1"]
[WhiteFideId "-1"]
[PlyCount "42"]
[GameId "2172756327882029"]
[EventDate "2025.04.02"]
[EventType "tourn"]
[EventRounds "5"]
[EventCountry "CAN"]

1. d4 Nf6 2. Bg5 c5 3. Nc3 cxd4 4. Qxd4 Nc6 5. Qh4 e6 6. e4 Be7 7. f4 d6 8. O-O-O Qa5 9. Nf3 h6 10. Qh3 Bd7 11. g4 O-O-O 12. Bxf6 Bxf6 13. Nb5 Qxa2 14. Nxd6+ Kb8 15. e5 Bc8 16. c3 Qa1+ 17. Kc2 Qa4+ 18. Kc1 Qxf4+ 19. Nd2 Nxe5 20. Nb5 Rxd2 21. Rxd2 Bg5 0-1

[Event "Mercredi 2025.02.04 ABCD"]
[Site "Montreal CAN"]
[Date "2025.04.09"]
[Round "2"]
[White "Genzling, Jerome"]
[Black "Pomerantz, Daniel"]
[Result "0-1"]
[WhiteElo "2117"]
[BlackElo "2096"]
[WhiteFideId "-1"]
[WhiteFideId "-1"]
[PlyCount "70"]
[GameId "2172756327877932"]
[EventDate "2025.04.02"]
[EventType "tourn"]
[EventRounds "5"]
[EventCountry "CAN"]

1. e4 e5 2. Nf3 Nc6 3. Bc4 Nf6 4. d3 Bc5 5. c3 d6 6. O-O a5 7. a4 Ba7 8. Nbd2 O-O 9. h3 h6 10. Re1 Be6 11. Bxe6 fxe6 12. Qb3 Qd7 13. Nf1 Nh5 14. Be3 Bxe3 15. Rxe3 Nf4 16. d4 exd4 17. cxd4 Nb4 18. Rd1 Ra6 19. N1d2 Qf7 20. Nc4 Qh5 21. Ne1 Rc6 22. Rd2 b6 23. Kh2 Kh7 24. Rf3 d5 25. exd5 Qxd5 26. Ne5 Qxb3 27. Rxb3 Rc1 28. Re3 Ra1 29. b3 Rb1 30. N1d3 Nfd5 31. Re1 Rxb3 32. Rc1 Nxd3 33. Nxd3 Ra3 34. Rc4 Rc3 35. Rc2 Rxd3 0-1

[Event "Mercredi 2025.02.04 ABCD"]
[Site "Montreal CAN"]
[Date "2025.04.09"]
[Round "2"]
[White "Jacquet, Stephane"]
[Black "Ramesan, Raunak"]
[Result "1/2-1/2"]
[WhiteElo "2092"]
[BlackElo "2004"]
[WhiteFideId "-1"]
[WhiteFideId "-1"]
[PlyCount "124"]
[GameId "2172756327902522"]
[EventDate "2025.04.02"]
[EventType "tourn"]
[EventRounds "5"]
[EventCountry "CAN"]

1. d4 Nf6 2. c4 e6 3. Nf3 d5 4. Nc3 Bb4 5. Qa4+ Nc6 6. e3 O-O 7. Bd2 Bd7 8. Qc2 Re8 9. a3 Bd6 10. Bd3 dxc4 11. Bxc4 e5 12. Ng5 Rf8 13. d5 Ne7 14. h4 Bf5 15. Bd3 Bxd3 16. Qxd3 Bc5 17. Nce4 Nxe4 18. Qxe4 g6 19. Rc1 Bb6 20. h5 Qxd5 21. Qh4 Nf5 22. Qh3 h6 23. Bc3 hxg5 24. hxg6 Nh4 25. g3 Qf3 26. gxh4 Qxh3 27. Rxh3 fxg6 28. Bxe5 Rac8 29. Bc3 gxh4 30. Rxh4 Rf5 31. Rh8+ Kf7 32. Rh7+ Ke6 33. Ke2 Rcf8 34. f4 g5 35. Rh6+ Kd7 36. Rd1+ Kc8 37. Be5 gxf4 38. exf4 c6 39. Rh7 R8f7 40. Rh8+ Rf8 41. Rh7 R8f7 42. Rdh1 Bc7 43. Rxf7 Rxf7 44. Ke3 Bxe5 45. fxe5 Kd7 46. Ke4 Rg7 47. Rh6 Ke7 48. Kf5 Rf7+ 49. Rf6 Rh7 50. Kg6 Rh2 51. Rf7+ Ke6 52. Rxb7 Rg2+ 53. Kh5 Kxe5 54. b4 Kd5 55. Rxa7 Ra2 56. Kg5 Kc4 57. Ra6 Kb3 58. Rxc6 Rxa3 59. b5 Ra5 60. Rb6 Kb4 61. Kf6 Rxb5 62. Rxb5+ Kxb5 1/2-1/2

[Event "Mercredi 2025.02.04 ABCD"]
[Site "Montreal CAN"]
[Date "2025.04.09"]
[Round "2"]
[White "Liao, Minyam"]
[Black "Jenzen, David"]
[Result "1/2-1/2"]
[WhiteElo "1732"]
[BlackElo "1745"]
[WhiteFideId "-1"]
[WhiteFideId "-1"]
[PlyCount "78"]
[GameId "2172756327931223"]
[EventDate "2025.04.02"]
[EventType "tourn"]
[EventRounds "5"]
[EventCountry "CAN"]

1. e4 c6 2. d4 d5 3. e5 a6 4. Nf3 Bg4 5. h3 Bxf3 6. Qxf3 e6 7. Bd3 c5 8. c3 Nc6 9. O-O cxd4 10. Qg3 Qc7 11. cxd4 Nxd4 12. Be3 Nc6 13. f4 g6 14. Nd2 Nh6 15. Rac1 Nf5 16. Bxf5 exf5 17. Nf3 Qd7 18. Ng5 Be7 19. Rfe1 Nd8 20. Bd4 Ne6 21. Nxe6 fxe6 22. Qb3 b5 23. Rc2 Rc8 24. Rec1 Rc4 25. Qd3 Kf7 26. b3 Rxc2 27. Qxc2 Rb8 28. Qc6 Qxc6 29. Rxc6 Ra8 30. Rb6 h6 31. Kf2 b4 32. Kf3 a5 33. Rb7 Ke8 34. Rb6 Kd7 35. Rb7+ Kd8 36. Rb6 Kd7 37. Rb7+ Ke8 38. Rb6 Kf7 39. Rb7 Ke8 1/2-1/2

[Event "Mercredi 2025.02.04 ABCD"]
[Site "Montreal CAN"]
[Date "2025.04.09"]
[Round "2"]
[White "Lima-Barbosa, Raphael"]
[Black "Di Matteo, Alessio"]
[Result "0-1"]
[WhiteElo "1948"]
[BlackElo "1949"]
[WhiteFideId "-1"]
[WhiteFideId "-1"]
[PlyCount "22"]
[GameId "2172756327902524"]
[EventDate "2025.04.02"]
[EventType "tourn"]
[EventRounds "5"]
[EventCountry "CAN"]

1. c4 Nf6 2. Nc3 e6 3. e4 d5 4. e5 d4 5. exf6 dxc3 6. bxc3 Qxf6 7. Nf3 e5 8. d4 Nc6 9. Bg5 Qg6 10. dxe5 Bg4 11. Bh4 Qe4+ 0-1

[Event "Mercredi 2025.02.04 ABCD"]
[Site "Montreal CAN"]
[Date "2025.04.09"]
[Round "2"]
[White "Nassif, Aba"]
[Black "Singher, Jean-Pierre"]
[Result "0-1"]
[WhiteElo "2074"]
[BlackElo "2004"]
[WhiteFideId "-1"]
[WhiteFideId "-1"]
[PlyCount "72"]
[GameId "2172756327902523"]
[EventDate "2025.04.02"]
[EventType "tourn"]
[EventRounds "5"]
[EventCountry "CAN"]

1. e4 c5 2. Nc3 Nc6 3. Bb5 Nd4 4. Nf3 Nxb5 5. Nxb5 a6 6. Nc3 d6 7. d4 cxd4 8. Qxd4 e5 9. Qd3 h6 10. Be3 Nf6 11. h3 Be6 12. a4 Rc8 13. a5 Qc7 14. Nd2 Qc6 15. O-O-O d5 16. exd5 Nxd5 17. Ndb1 Bb4 18. Bd2 Be7 19. Rhe1 Nb4 20. Qe4 Bd5 21. Qf5 g6 22. Qxc8+ Qxc8 23. Rxe5 Be6 24. Be3 Nc6 25. Re4 Nxa5 26. Nd2 b5 27. Nf3 O-O 28. Bxh6 Rd8 29. Rde1 Bf6 30. Ne5 Bf5 31. Ng4 Bxc3 32. bxc3 Bxe4 33. Nf6+ Kh8 34. Nxe4 f5 35. Ng5 Qxc3 36. Nf7+ Kh7 0-1

[Event "Mercredi 2025.02.04 ABCD"]
[Site "Montreal CAN"]
[Date "2025.04.16"]
[Round "3"]
[White "Chapdelaine, Gwyn"]
[Black "Genzling, Jerome"]
[Result "0-1"]
[WhiteElo "2162"]
[BlackElo "2117"]
[WhiteFideId "-1"]
[WhiteFideId "-1"]
[PlyCount "64"]
[GameId "2172756327882031"]
[EventDate "2025.04.02"]
[EventType "tourn"]
[EventRounds "5"]
[EventCountry "CAN"]

1. c4 e6 2. Nc3 d5 3. d4 a6 4. cxd5 exd5 5. Bf4 Nf6 6. e3 Bd6 7. Bg5 c6 8. Bd3 h6 9. Bh4 Nbd7 10. Nge2 O-O 11. Ng3 Re8 12. Nf5 Bf8 13. Qf3 g6 14. g4 gxf5 15. Qxf5 Bg7 16. g5 Ne5 17. Qxe5 Rxe5 18. dxe5 Ng4 19. f4 Nxe3 20. Rg1 Kf8 21. Bf2 d4 22. Bxe3 dxe3 23. O-O-O Qb6 24. Bh7 h5 25. g6 Bf5 26. Rg5 e2 27. Rxf5 Qe3+ 28. Rd2 e1=Q+ 29. Kc2 Q1xd2+ 30. Kb3 Qd5+ 31. Ka3 Qec5+ 32. Ka4 Qa5# 0-1

[Event "Mercredi 2025.02.04 ABCD"]
[Site "Montreal CAN"]
[Date "2025.04.16"]
[Round "3"]
[White "Cossette, Richard"]
[Black "Barko, Maxim"]
[Result "0-1"]
[WhiteElo "1790"]
[BlackElo "1910"]
[WhiteFideId "-1"]
[WhiteFideId "-1"]
[PlyCount "102"]
[GameId "2172756327918924"]
[EventDate "2025.04.02"]
[EventType "tourn"]
[EventRounds "5"]
[EventCountry "CAN"]

1. e4 e6 2. d4 d5 3. exd5 exd5 4. c4 Nf6 5. Nc3 c6 6. Bd3 Bb4 7. Be3 O-O 8. Nf3 Bg4 9. O-O Re8 10. cxd5 Nxd5 11. Nxd5 Qxd5 12. Be2 Nd7 13. a3 Bd6 14. Rc1 Qh5 15. g3 Nf6 16. Re1 Nd5 17. Ne5 Bxe2 18. Qxe2 Qxe2 19. Rxe2 Bxe5 20. dxe5 Rxe5 21. Rce1 Rae8 22. Kf1 b6 23. b4 f6 24. Bd4 Rxe2 25. Rxe2 Rxe2 26. Kxe2 Kf7 27. Kd3 Ke6 28. f4 Kf5 29. Kc4 Ke4 30. Bg1 Ne3+ 31. Bxe3 Kxe3 32. a4 h5 33. a5 g6 34. a6 Ke4 35. h3 Kf3 36. b5 cxb5+ 37. Kxb5 Kxg3 38. Kc6 Kxf4 39. Kb7 b5 40. Kxa7 b4 41. Kb8 b3 42. a7 b2 43. a8=Q b1=Q+ 44. Kc7 Qe4 45. Qf8 Qe5+ 46. Kc6 Qe4+ 47. Kc7 Qe5+ 48. Kc6 g5 49. Qf7 g4 50. Qd7 Qe4+ 51. Kc5 Qf5+ 0-1

[Event "Mercredi 2025.02.04 ABCD"]
[Site "Montreal CAN"]
[Date "2025.04.16"]
[Round "3"]
[White "Di Matteo, Alessio"]
[Black "Nassif, Aba"]
[Result "0-1"]
[WhiteElo "1949"]
[BlackElo "2074"]
[WhiteFideId "-1"]
[WhiteFideId "-1"]
[PlyCount "56"]
[GameId "2172756327906623"]
[EventDate "2025.04.02"]
[EventType "tourn"]
[EventRounds "5"]
[EventCountry "CAN"]

1. d4 Nf6 2. c4 c5 3. d5 b5 4. cxb5 a6 5. bxa6 g6 6. Nc3 Bg7 7. e4 O-O 8. Be2 Qb6 9. Nf3 Bxa6 10. O-O d6 11. Re1 Nbd7 12. h3 Rfb8 13. a4 Ne8 14. Bxa6 Qxa6 15. Ra3 c4 16. Nb5 Nc5 17. e5 Nd3 18. Rxd3 cxd3 19. b3 Rxb5 20. axb5 Qxb5 21. e6 f5 22. Ng5 Ra1 23. Qf3 Qxb3 24. g4 Qc2 25. Qf4 Bc3 26. Kf1 d2 27. gxf5 dxc1=Q 28. Rxc1 Qxc1+ 0-1

[Event "Mercredi 2025.02.04 ABCD"]
[Site "Montreal CAN"]
[Date "2025.04.16"]
[Round "3"]
[White "Ghnatios, Ralph"]
[Black "Bain-Thouverez, Aurelien"]
[Result "1-0"]
[WhiteElo "1910"]
[BlackElo "1786"]
[WhiteFideId "-1"]
[WhiteFideId "-1"]
[PlyCount "92"]
[GameId "2172756327918925"]
[EventDate "2025.04.02"]
[EventType "tourn"]
[EventRounds "5"]
[EventCountry "CAN"]

1. e4 Nf6 2. e5 Nd5 3. Bc4 Nb6 4. Bb3 c5 5. d3 Nc6 6. Nf3 d6 7. exd6 exd6 8. O-O Be7 9. h3 O-O 10. Bf4 d5 11. Nbd2 Bd6 12. Bg5 Qc7 13. c3 h6 14. Be3 f5 15. Nb1 f4 16. Bd2 Bf5 17. d4 c4 18. Bc2 Qf7 19. Na3 Bxa3 20. bxa3 Rae8 21. Rc1 Nc8 22. Ba4 Bd3 23. Re1 Rxe1+ 24. Bxe1 N8e7 25. Bd2 a6 26. Qe1 b5 27. Bd1 Be4 28. Bc2 Qf5 29. Qd1 g5 30. Nh2 Kg7 31. a4 Ng6 32. axb5 axb5 33. f3 Bd3 34. Bxd3 Qxd3 35. Ng4 Re8 36. Nf2 Qf5 37. Rb1 b4 38. cxb4 Re3 39. b5 Nxd4 40. Bxe3 fxe3 41. Qxd4+ Ne5 42. Re1 exf2+ 43. Kxf2 Kf6 44. b6 Qf4 45. Qxf4+ gxf4 46. Rxe5 Kxe5 1-0

[Event "Mercredi 2025.02.04 ABCD"]
[Site "Montreal CAN"]
[Date "2025.04.16"]
[Round "3"]
[White "Guillemette, Hugo"]
[Black "Batorshyn, Ilia"]
[Result "0-1"]
[WhiteElo "2278"]
[BlackElo "2284"]
[WhiteFideId "-1"]
[WhiteFideId "-1"]
[PlyCount "96"]
[GameId "2172756327882030"]
[EventDate "2025.04.02"]
[EventType "tourn"]
[EventRounds "5"]
[EventCountry "CAN"]

1. e4 e5 2. Nf3 Nf6 3. Nxe5 d6 4. Nf3 Nxe4 5. Nc3 Nxc3 6. dxc3 Be7 7. Be3 Nd7 8. Qd2 Ne5 9. Be2 O-O 10. O-O Be6 11. Bf4 Nxf3+ 12. Bxf3 c6 13. Rfe1 d5 14. Be5 Bf6 15. Qd4 Bxe5 16. Qxe5 Qb6 17. b3 Rfe8 18. h4 Qd8 19. Qf4 Qb8 20. Qd2 Bf5 21. Rxe8+ Qxe8 22. Re1 Qd7 23. Qe2 g6 24. h5 Qe6 25. Qd2 Qf6 26. b4 g5 27. a4 h6 28. Bd1 Bd7 29. Qd4 Qxd4 30. cxd4 Re8 31. Rxe8+ Bxe8 32. Bg4 Kf8 33. Bc8 b6 34. c3 Ke7 35. Kf1 Kd6 36. Ke2 f6 37. g4 c5 38. a5 cxb4 39. axb6 Bb5+ 40. Kd2 bxc3+ 41. Kxc3 axb6 42. Bb7 Bd7 43. f3 f5 44. gxf5 Bxf5 45. Ba6 Bd7 46. Be2 Be8 47. Kd3 Bb5+ 48. Ke3 Bxe2 0-1

[Event "Mercredi 2025.02.04 ABCD"]
[Site "Montreal CAN"]
[Date "2025.04.16"]
[Round "3"]
[White "Jenzen, David"]
[Black "Allaire, Denis"]
[Result "0-1"]
[WhiteElo "1745"]
[BlackElo "1699"]
[WhiteFideId "-1"]
[WhiteFideId "-1"]
[PlyCount "78"]
[GameId "2172756327931226"]
[EventDate "2025.04.02"]
[EventType "tourn"]
[EventRounds "5"]
[EventCountry "CAN"]

1. d4 d5 2. Nc3 Bf5 3. f3 e6 4. e4 Bg6 5. Bd3 Nc6 6. Nge2 Bb4 7. O-O Nge7 8. a3 Bxc3 9. bxc3 O-O 10. Nf4 e5 11. Nxg6 Nxg6 12. exd5 Qxd5 13. Be3 exd4 14. cxd4 Rad8 15. c3 Nce5 16. Be4 Qa5 17. Qb3 Nd7 18. Bxb7 Rb8 19. Rfb1 Nf6 20. c4 Rfe8 21. Bf2 Nf4 22. Qb4 Qg5 23. g3 Nh3+ 24. Kf1 Nxf2 25. Kxf2 Qe3+ 26. Kg2 Qxd4 27. Ra2 c5 28. Qa4 Qd3 29. Rd1 Re2+ 30. Kh3 Qe3 31. Rxe2 Qxe2 32. Qxa7 Re8 33. Qa4 h5 34. Qb3 g5 35. Qd3 g4+ 36. fxg4 hxg4+ 37. Kh4 Qxh2+ 38. Kg5 Qh5+ 39. Kf4 Qe5# 0-1

[Event "Mercredi 2025.02.04 ABCD"]
[Site "Montreal CAN"]
[Date "2025.04.16"]
[Round "3"]
[White "Marcil, Alexandre"]
[Black "Liao, Minyam"]
[Result "1-0"]
[WhiteElo "1724"]
[BlackElo "1732"]
[WhiteFideId "-1"]
[WhiteFideId "-1"]
[PlyCount "127"]
[GameId "2172756327931225"]
[EventDate "2025.04.02"]
[EventType "tourn"]
[EventRounds "5"]
[EventCountry "CAN"]

1. c4 Nf6 2. g3 e6 3. Bg2 d5 4. cxd5 exd5 5. d3 c6 6. Nf3 Bd6 7. O-O O-O 8. b3 Bf5 9. Bb2 Nbd7 10. Nbd2 Qe7 11. Re1 Ba3 12. Bxa3 Qxa3 13. e4 dxe4 14. dxe4 Be6 15. Qc2 Qc5 16. Rac1 Qxc2 17. Rxc2 Rfd8 18. Ng5 Bg4 19. h3 Bh5 20. f4 h6 21. Ngf3 Bxf3 22. Bxf3 Nb6 23. e5 Nfd5 24. Ne4 Nb4 25. Rce2 a5 26. a3 N4d5 27. Nd6 Nc3 28. Rc2 Nbd5 29. Bxd5 Nxd5 30. Nxb7 Rdb8 31. Nc5 Rb5 32. Kf2 Kf8 33. f5 Ne7 34. g4 Rd8 35. e6 Rd5 36. Nd7+ Ke8 37. Re3 Rd1 38. exf7+ Kxf7 39. Ne5+ Kf8 40. Nxc6 Nxc6 41. Rxc6 Rd2+ 42. Kg3 Rb2 43. Rcc3 Rb1 44. Kh4 Kf7 45. Rc7+ Kf8 46. Ra7 R1xb3 47. Rxb3 Rxb3 48. Rxa5 Kf7 49. Ra6 Rf3 50. a4 h5 51. Kxh5 Rxh3+ 52. Kg5 Rd3 53. a5 Rd5 54. Ra7+ Kf8 55. a6 Rb5 56. Kg6 Rb6+ 57. Kg5 Rb5 58. Ra8+ Kf7 59. Ra7+ Kf8 60. Rb7 Ra5 61. a7 Kg8 62. Rb8+ Kh7 63. a8=Q Ra7 64. Rh8# 1-0

[Event "Mercredi 2025.02.04 ABCD"]
[Site "Montreal CAN"]
[Date "2025.04.16"]
[Round "3"]
[White "Mourad, Michel"]
[Black "Beaulieu, Pierre"]
[Result "1-0"]
[WhiteElo "1713"]
[BlackElo "1733"]
[WhiteFideId "-1"]
[WhiteFideId "-1"]
[PlyCount "99"]
[GameId "2172756327931227"]
[EventDate "2025.04.02"]
[EventType "tourn"]
[EventRounds "5"]
[EventCountry "CAN"]

1. d4 Nf6 2. c4 e6 3. Nc3 b6 4. Bg5 h6 5. Bh4 Be7 6. Nf3 Bb7 7. e3 Ne4 8. Bxe7 Qxe7 9. Bd3 Ng5 10. Rg1 Nc6 11. Nxg5 hxg5 12. h3 a6 13. a3 f5 14. g4 g6 15. Rg3 Qf6 16. d5 Ne5 17. dxe6 dxe6 18. f4 Nxd3+ 19. Qxd3 Rd8 20. Qe2 gxf4 21. exf4 fxg4 22. Qxg4 Kf7 23. Qg5 Rh5 24. Qxf6+ Kxf6 25. Rd1 Rxd1+ 26. Kxd1 Rh4 27. Ne2 Be4 28. Kd2 Bf5 29. Ke3 Bxh3 30. Nd4 Bf5 31. Nc6 Rh2 32. b4 Ra2 33. Kd4 Rd2+ 34. Kc3 Rf2 35. Nb8 a5 36. Na6 c6 37. Nb8 axb4+ 38. axb4 Rc2+ 39. Kb3 b5 40. c5 Rc4 41. Nxc6 Rxf4 42. Na7 e5 43. Nxb5 Be6+ 44. Ka4 e4 45. c6 Rf3 46. Rg1 Rf2 47. Nd6 Ra2+ 48. Kb5 e3 49. Re1 e2 50. Ne4+ 1-0

[Event "Mercredi 2025.02.04 ABCD"]
[Site "Montreal CAN"]
[Date "2025.04.16"]
[Round "3"]
[White "Pomerantz, Daniel"]
[Black "Gelet, Seymour"]
[Result "1/2-1/2"]
[WhiteElo "2096"]
[BlackElo "2105"]
[WhiteFideId "-1"]
[WhiteFideId "-1"]
[PlyCount "26"]
[GameId "2172756327886128"]
[EventDate "2025.04.02"]
[EventType "tourn"]
[EventRounds "5"]
[EventCountry "CAN"]

1. e4 c5 2. Nf3 a6 3. c4 Nc6 4. d4 cxd4 5. Nxd4 e5 6. Nf5 d5 7. cxd5 Bxf5 8. exf5 Nd4 9. Bd3 Qxd5 10. Nc3 Qd7 11. Be3 O-O-O 12. O-O Kb8 13. Rb1 Nf6 1/2-1/2

[Event "Mercredi 2025.02.04 ABCD"]
[Site "Montreal CAN"]
[Date "2025.04.16"]
[Round "3"]
[White "Ramesan, Raunak"]
[Black "Lima-Barbosa, Raphael"]
[Result "0-1"]
[WhiteElo "2004"]
[BlackElo "1948"]
[WhiteFideId "-1"]
[WhiteFideId "-1"]
[PlyCount "84"]
[GameId "2172756327906622"]
[EventDate "2025.04.02"]
[EventType "tourn"]
[EventRounds "5"]
[EventCountry "CAN"]

1. e4 c5 2. Nf3 d6 3. d4 cxd4 4. Nxd4 Nf6 5. Nc3 a6 6. Bg5 e6 7. f4 Nbd7 8. Qe2 Qc7 9. O-O-O Be7 10. g4 b5 11. a3 Rb8 12. Bg2 Bb7 13. h4 O-O 14. Bxf6 Bxf6 15. g5 Be7 16. h5 Rfe8 17. g6 Bf6 18. gxf7+ Kxf7 19. h6 g6 20. Qg4 Qc5 21. Nce2 Rbc8 22. Rh3 Nf8 23. Rc3 Qb6 24. Rcd3 Rc4 25. c3 a5 26. Nc2 Rd8 27. e5 Bxg2 28. Qxg2 Be7 29. Ne3 Rcc8 30. exd6 Rxd6 31. Ng4 Rcd8 32. Ne5+ Kg8 33. Rxd6 Bxd6 34. Nc6 Qe3+ 35. Kb1 Rd7 36. f5 exf5 37. Qd5+ Qe6 38. Qxb5 f4 39. Ncd4 Qe4+ 40. Ka1 f3 41. Ng3 Bxg3 42. Qc4+ Qd5 0-1

[Event "Mercredi 2025.02.04 ABCD"]
[Site "Montreal CAN"]
[Date "2025.04.16"]
[Round "3"]
[White "Singher, Jean-Pierre"]
[Black "Jacquet, Stephane"]
[Result "0-1"]
[WhiteElo "2004"]
[BlackElo "2092"]
[WhiteFideId "-1"]
[WhiteFideId "-1"]
[PlyCount "90"]
[GameId "2172756327902525"]
[EventDate "2025.04.02"]
[EventType "tourn"]
[EventRounds "5"]
[EventCountry "CAN"]

1. Nf3 Nf6 2. d4 g6 3. g3 Bg7 4. Bg2 O-O 5. O-O d6 6. Re1 Nc6 7. d5 Nb4 8. c4 c5 9. a3 Na6 10. h3 Bd7 11. e4 b5 12. e5 Ne8 13. cxb5 Bxb5 14. Nc3 Rb8 15. Nxb5 Rxb5 16. Bf1 Rb6 17. Bd2 Nac7 18. Bc3 Qa8 19. Bc4 Nb5 20. Ba5 Rb8 21. a4 Nd4 22. Nxd4 cxd4 23. f4 Qb7 24. Qf3 Qc8 25. Rac1 Rxb2 26. Bf1 Qb8 27. Bb5 dxe5 28. Qa3 Rxb5 29. axb5 exf4 30. Qxe7 Qxb5 31. Qc5 Qd3 32. Qc2 Qxg3+ 33. Qg2 Qa3 34. Rcd1 Qd6 35. Rb1 Qf6 36. Bb4 Nd6 37. Rbc1 Rd8 38. Rc6 Bf8 39. Qf3 Qg5+ 40. Kh2 Nf5 41. Bxf8 Kxf8 42. Re5 Qg3+ 43. Qxg3 fxg3+ 44. Kg2 d3 45. Kf3 Nd4+ 0-1

[Event "Mercredi 2025.02.04 ABCD"]
[Site "Montreal CAN"]
[Date "2025.04.16"]
[Round "3"]
[White "Templonueva, Mark Geryl"]
[Black "Boudreau, Daniel"]
[Result "0-1"]
[WhiteElo "1904"]
[BlackElo "1845"]
[WhiteFideId "-1"]
[WhiteFideId "-1"]
[PlyCount "68"]
[GameId "2172756327923022"]
[EventDate "2025.04.02"]
[EventType "tourn"]
[EventRounds "5"]
[EventCountry "CAN"]

1. e4 c6 2. d4 d5 3. e5 c5 4. Nf3 Nc6 5. dxc5 Bg4 6. c3 e6 7. Be3 Bxf3 8. Qxf3 Nxe5 9. Bb5+ Nc6 10. O-O a6 11. Bxc6+ bxc6 12. b4 Ne7 13. Re1 Nf5 14. Bf4 Be7 15. Nd2 O-O 16. Nb3 Qd7 17. Rad1 Bf6 18. g4 Nh4 19. Qg3 Ng6 20. Bd6 Rfe8 21. g5 Be7 22. Be5 f6 23. gxf6 gxf6 24. Bd4 e5 25. Be3 Kh8 26. Kf1 Qf5 27. Rd2 Rg8 28. a4 Qh5 29. h4 Nf4 30. Qh2 Rg4 31. Bxf4 Rxh4 32. Qxh4 Qxh4 33. Na5 Qxf4 34. Re3 Rc8 0-1

[Event "Mercredi 2025.02.04 ABCD"]
[Site "Montreal CAN"]
[Date "2025.04.23"]
[Round "4"]
[White "Barko, Maxim"]
[Black "Templonueva, Mark Geryl"]
[Result "1-0"]
[WhiteElo "1910"]
[BlackElo "1904"]
[WhiteFideId "-1"]
[WhiteFideId "-1"]
[PlyCount "83"]
[GameId "2172756327923024"]
[EventDate "2025.04.02"]
[EventType "tourn"]
[EventRounds "5"]
[EventCountry "CAN"]

1. d4 d5 2. c4 c5 3. cxd5 Qxd5 4. Nf3 cxd4 5. Nc3 Qa5 6. Nxd4 Nf6 7. Nb3 Qc7 8. Bg5 Nc6 9. e4 Bg4 10. f3 Bh5 11. Rc1 Rd8 12. Qc2 e6 13. Qf2 Be7 14. Be2 O-O 15. Be3 Rc8 16. O-O a6 17. Bb6 Qb8 18. Rfd1 Rfe8 19. Kh1 Bd6 20. g3 Nd7 21. Be3 Red8 22. Na4 Be5 23. Rc2 Nb4 24. Ba7 Nxc2 25. Bxb8 Nxb8 26. Nb6 Nb4 27. Nxc8 Rxc8 28. a3 N4c6 29. Qb6 h6 30. Qxb7 Rc7 31. Qb6 Kh7 32. Rd2 g5 33. f4 Bxe2 34. Rxe2 gxf4 35. gxf4 Bxf4 36. Rf2 Be5 37. h4 Re7 38. Qc5 Bg3 39. Rg2 Bxh4 40. Na5 Nxa5 41. Qxa5 Re8 42. Qh5 1-0

[Event "Mercredi 2025.02.04 ABCD"]
[Site "Montreal CAN"]
[Date "2025.04.23"]
[Round "4"]
[White "Batorshyn, Ilia"]
[Black "Genzling, Jerome"]
[Result "1-0"]
[WhiteElo "2284"]
[BlackElo "2117"]
[WhiteFideId "-1"]
[WhiteFideId "-1"]
[PlyCount "87"]
[GameId "2172756327886130"]
[EventDate "2025.04.02"]
[EventType "tourn"]
[EventRounds "5"]
[EventCountry "CAN"]

1. d4 d5 2. c4 e6 3. Nf3 a6 4. g3 dxc4 5. Bg2 Nc6 6. O-O Rb8 7. Nc3 Nf6 8. e4 b5 9. d5 exd5 10. exd5 Nb4 11. Re1+ Be7 12. Ne5 Bb7 13. Bg5 O-O 14. a3 Nd3 15. Nxd3 cxd3 16. Qxd3 h6 17. Be3 c5 18. Ne4 Nxe4 19. Qxe4 Bd6 20. Bf4 c4 21. Rad1 Ba8 22. Bd2 Qd7 23. Bc3 Rfe8 24. Qd4 Bf8 25. Bf3 Rbd8 26. Be4 Qh3 27. Re3 f5 28. Bf3 h5 29. Ba5 Rc8 30. Bg2 Qg4 31. Qxg4 hxg4 32. Rxe8 Rxe8 33. d6 Bxd6 34. Rxd6 Bf3 35. Bxf3 gxf3 36. Rd8 Kf7 37. Rxe8 Kxe8 38. Kf1 g5 39. h3 Kf7 40. Ke1 Kg6 41. Kd2 g4 42. h4 f4 43. gxf4 Kh5 44. f5 1-0

[Event "Mercredi 2025.02.04 ABCD"]
[Site "Montreal CAN"]
[Date "2025.04.23"]
[Round "4"]
[White "Beaulieu, Pierre"]
[Black "Jenzen, David"]
[Result "1-0"]
[WhiteElo "1733"]
[BlackElo "1745"]
[WhiteFideId "-1"]
[WhiteFideId "-1"]
[PlyCount "115"]
[GameId "2172756327931228"]
[EventDate "2025.04.02"]
[EventType "tourn"]
[EventRounds "5"]
[EventCountry "CAN"]

1. Nf3 c5 2. b3 Nf6 3. Bb2 d5 4. e3 Bg4 5. h3 Bd7 6. c4 e6 7. Be2 Bd6 8. d3 O-O 9. O-O Bc6 10. Nbd2 Nbd7 11. Rc1 Rc8 12. d4 Qe7 13. Ne5 cxd4 14. exd4 Nb8 15. Ndf3 Rfd8 16. c5 Bc7 17. b4 a6 18. a4 Be8 19. Qb3 Ne4 20. Rfd1 f6 21. Ng4 Qf7 22. b5 axb5 23. axb5 h5 24. Ne3 g5 25. Nd2 Nxd2 26. Rxd2 f5 27. Ra1 g4 28. Nf1 Bf4 29. Rd3 Rc7 30. Bc1 Bxc1 31. Rxc1 Rdc8 32. hxg4 hxg4 33. f3 Qf6 34. fxg4 f4 35. Rdd1 Rh7 36. Bf3 Rh4 37. Rb1 Rc7 38. Qa2 Rch7 39. Qa8 Rh1+ 40. Kf2 Qh4+ 41. Ke2 Qd8 42. Kd2 Rc7 43. Re1 Rh6 44. Re5 Rg6 45. Kc3 Kf7 46. Nd2 Qc8 47. Nb3 Bxb5 48. Rh1 Kg7 49. Reh5 Nc6 50. Qa1 Kf6 51. Qc1 e5 52. dxe5+ Nxe5 53. Qxf4+ Ke7 54. Qxe5+ Kf8 55. Rh8+ Rg8 56. Rxg8+ Kxg8 57. Rh8+ Kf7 58. Bxd5+ 1-0

[Event "Mercredi 2025.02.04 ABCD"]
[Site "Montreal CAN"]
[Date "2025.04.23"]
[Round "4"]
[White "Di Matteo, Alessio"]
[Black "Ramesan, Raunak"]
[Result "0-1"]
[WhiteElo "1949"]
[BlackElo "2004"]
[WhiteFideId "-1"]
[WhiteFideId "-1"]
[PlyCount "62"]
[GameId "2172756327906626"]
[EventDate "2025.04.02"]
[EventType "tourn"]
[EventRounds "5"]
[EventCountry "CAN"]

1. d4 Nf6 2. c4 e6 3. Nc3 Bb4 4. f3 c5 5. a3 Bxc3+ 6. bxc3 Nc6 7. e4 d6 8. Be3 b6 9. Bd3 Bb7 10. Ne2 Qe7 11. Ng3 h6 12. O-O O-O-O 13. Qe2 g5 14. Rf2 Rdg8 15. Qd2 Qf8 16. a4 Na5 17. Qa2 h5 18. Qe2 h4 19. Nf1 g4 20. g3 gxf3 21. Qxf3 Ng4 22. Rb2 hxg3 23. Nxg3 Qg7 24. Rg2 Rh3 25. Bf2 Nxf2 26. Qxf2 f5 27. Rb1 Qg5 28. Bf1 Qh6 29. d5 Rh4 30. Re1 Nb3 31. Qc2 Nd2 0-1